| 000 | 00423nam a2200145Ia 4500 | ||
|---|---|---|---|
| 008 | 231129s2006||||xx |||||||||||||| ||spa|| | ||
| 020 | _a958-698-186-X | ||
| 040 | _bspa | ||
| 082 | _a363.69 Z93c | ||
| 100 | _aZuleta J. Luis Alberto | ||
| 245 | 0 | _aCartagena de Indias impacto económico de la zona histórica | |
| 260 | _c2006 | ||
| 264 | _aConvenio Andrés Bello | ||
| 942 |
_2ddc _cBKS |
||
| 999 |
_c6689 _d6689 |
||